| 000 | 00968nam a2200313 a 4500 | ||
|---|---|---|---|
| 999 |
_c9984 _d9984 |
||
| 001 | 9984 | ||
| 003 | BD - JhCC | ||
| 005 | 20180404165316.0 | ||
| 008 | 180404r19851905enk 001 0 eng d | ||
| 020 | _a0333387732 (cased) | ||
| 020 | _a0333387740 (pbk) | ||
| 035 |
_a(OCoLC)12475926 _a(BD - JhCC)9984 |
||
| 040 |
_aUKM _cUKM _dBD-JhCC |
||
| 041 | _aeng | ||
| 050 | 1 | 4 | _aPR2983 |
| 082 |
_bBRA 1985 _a822.33 |
||
| 100 | 1 |
_aBradley, A. C. _q(Andrew Cecil), _d1851-1935. |
|
| 245 | 1 | 0 |
_aShakespearean tragedy : _blectures on Hamlet, Othello, King Lear, Macbeth / _cA.C. Bradley ; new introduction by John Russell Brown. |
| 250 | _a2nd ed. | ||
| 260 |
_aBasingstoke : _bMacmillan, _c1985. |
||
| 300 |
_axxvii, 432 p. ; _c22 cm. |
||
| 500 | _aOriginally published: 1905. | ||
| 500 | _aIncludes index. | ||
| 600 | 1 | 0 |
_aShakespeare, William, _d1564-1616 _xTragedies. |
| 650 | _aTragedy | ||
| 650 | _aEnglish drama (Tragedy) | ||
| 942 |
_2ddc _cBK |
||